000 00684nam a2200229 a 4500
001 50103
003 BD-RjUL
005 20211209075447.0
008 160823s1954 fr ab i000 0 eng
035 _a(BD-RjUL)50223
040 _aDLC
_cCarP
_dDLC
_dBD-RjUL
_beng
041 _aeng
082 _223
_a370.9519
_bREB 1954
245 0 0 _aRebuilding education in the Republic of Korea :
_breport of the Unesco-UNKRA Educational planning mission to Korea. /
260 _aParis :
_bUNESCO,
_c1954.
300 _a221 p. :
_bill. ;
_c24 cm.
500 _a"ED.53.VIII.6A"
650 0 _aEducation
_zKorea.
_9150153
710 2 _aUnesco.
_9150154
942 _2ddc
_cBK
999 _c50103
_d50103